Dibujos de A. Úbeda / (Record no. 177302)

MARC details
000 -LEADER
campo de control de longitud fija 01095nam a22002651 4500
001 - NÚMERO DE CONTROL
campo de control 177302
003 - IDENTIFICADOR DE NÚMERO DE CONTROL
campo de control ES-MaACL
005 - FECHA Y HORA DE LA ÚLTIMA TRANSACCIÓN
campo de control 20250815121300.0
008 - DATOS DE LONGITUD FIJA--INFORMACIÓN GENERAL
campo de control de longitud fija 110314s1972 sp af ||||0| spa d
080 ## - NÚMERO DE LA CLASIFICACIÓN DECIMAL UNIVERSAL
Número de la Clasificación Decimal Universal 74 Úbeda, Agustín
080 ## - NÚMERO DE LA CLASIFICACIÓN DECIMAL UNIVERSAL
Número de la Clasificación Decimal Universal 75 Úbeda, Agustín
100 1# - ENTRADA PRINCIPAL--NOMBRE DE PERSONA
Nombre de persona Úbeda, Agustín,
Fechas asociadas al nombre 1925-2007
9 (RLIN) 145635
245 10 - MENCIÓN DEL TÍTULO
Título Dibujos de A. Úbeda /
Mención de responsabilidad, etc. por Mª Fortunata Prieto.
250 ## - MENCION DE EDICION
Mención de edición 1ª ed.
260 ## - PUBLICACIÓN, DISTRIBUCIÓN, ETC.
Lugar de publicación, distribución, etc. Madrid :
Nombre del editor, distribuidor, etc. Ibérico Europea de Ediciones,
Fecha de publicación, distribución, etc. cop. 1972.
300 ## - DESCRIPCIÓN FÍSICA
Extensión [32] p. :
Otras características físicas principalmente il. bl. y n. ;
Dimensiones 31 cm.
490 1# - MENCIÓN DE SERIE
Mención de serie Maestros contemporáneos del dibujo y la pintura ;
Designación de volumen o secuencia 14
500 ## - NOTA GENERAL
Nota general Encuadernado con otros títulos.
597 ## - NOTA DE DESCRIPCIÓN FÍSICA
NOTA DE DESCRIPCIÓN FÍSICA En el lomo: Martínez Novillo, Grau Sala, Álvaro Delgado, Agustín Úbeda, Arteta, Picasso, Vela Zanetti, Montes Iturrioz, Mustieles, Barjola.
600 17 - PUNTO DE ACCESO ADICIONAL DE MATERIA--NOMBRE DE PERSONA
Nombre de persona Úbeda, Agustín,
Fechas asociadas al nombre 1925-2007
Fuente del encabezamiento o término
9 (RLIN) 145635
700 1# - ENTRADA AGREGADA--NOMBRE PERSONAL
Nombre de persona Prieto Barral, María Fortunata.
9 (RLIN) 93911
830 00 - PUNTO DE ACCESO ADICIONAL DE SERIE-TÍTULO UNIFORME
Título uniforme Maestros contemporáneos del dibujo y la pintura
Designación de volumen o secuencia 14
9 (RLIN) 190405
852 ## - LOCALIZACIÓN
Ubicación ES-MaACL
Número de control de estantería E-14687 (4)
Encuadernación Olim P-1071
Holdings
Estatus retirado Estado de pérdida Estado de daño No para préstamo Biblioteca de origen Biblioteca actual Ubicación en estantería Fecha de adquisición Fuente de adquisición Total de préstamos Signatura topográfica completa Código de barras Visto por última vez Precio de reemplazo Tipo de ítem Koha
        Biblioteca del Ateneo de Madrid Biblioteca del Ateneo de Madrid Depósito 2 14/03/2011     E-14687 (4) 1186218 23/02/2023 23/02/2023 Libro impreso